000 00657nam a2200229Ia 4500
003 OSt
005 20221007064352.0
006 a|||||r|||| 00| 0
007 ta
008 221006b |||||||| |||| 00| 0 eng d
024 _a7,224
037 _cTextual
040 _aFLL
_cFLL
_beng
041 _2eng
_aeng
082 _aX:97.Z.N78N50y7, L8
100 _aJain Parmeshwar Dass
245 0 _aSupreme court on industrial relations adjudication
260 _aDelhi
_bCentral Law Institute India
_c1978
300 _axvii,423p
_ccm.
942 _hX:97.Z.N78N50y7, L8
_cTEXL
_2CC
999 _c1133821
_d1133821